000
00266nam a22001217a 4500
003
SGT
082
_a
823
_b
DAS
100
_a
DASWANI KAVITA
245
_a
THE VILLAGE BRIDE OF BEVERLY HILLS
260
_a
USA
_b
APLUME BOOK
_c
2004
300
_a
271
942
_2
ddc
_c
BK
999
_c
33995
_d
33995